[Event "TCh-FRA Top 12 2011"]
[Site "Mulhouse FRA"]
[Date "2011.06.04"]
[Round "10"]
[White "Maze, Sebastien"]
[Black "Elbilia, Jacques"]
[Result "1-0"]
[WhiteTitle "GM"]
[BlackTitle "FM"]
[WhiteElo "2571"]
[BlackElo "2390"]
[WhiteTeam "Clichy-Echecs-92"]
[BlackTeam "Club d'Echecs Metz Fischer"]
[WhiteFideId "613762"]
[BlackFideId "9000127"]
[EventDate "2011.05.26"]

1. Nf3 Nf6 2. c4 e6 3. Nc3 d5 4. d4 c5 5. cxd5 Nxd5 6. e4 Nxc3 7. bxc3 cxd4 8.
cxd4 Bb4+ 9. Bd2 Bxd2+ 10. Qxd2 O-O 11. Bc4 Nc6 12. O-O Ne7 13. Rad1 Ng6 14. Bb3
Bd7 15. Qe3 Qa5 16. d5 h6 17. h4 exd5 18. h5 Ne7 19. exd5 Qb4 20. Ne5 Bb5 21. d6
Nf5 22. Qf3 Nxd6 23. Rxd6 Qxd6 24. Nxf7 Rxf7 25. Qxf7+ Kh8 26. Rd1 Qc5 27. Rd5
Qc1+ 28. Kh2 Bc6 29. Rf5 Qa3 30. Rf6 Qc5 31. Rxh6+ gxh6 32. Qf6+ Kh7 33. Qg6+ 1-0

[Event "TCh-FRA Top 12 2011"]
[Site "Mulhouse FRA"]
[Date "2011.06.04"]
[Round "10"]
[White "Pucher, Sebastien"]
[Black "Delorme, Axel"]
[Result "0-1"]
[BlackTitle "IM"]
[WhiteElo "2227"]
[BlackElo "2456"]
[WhiteTeam "Club d'Echecs Metz Fischer"]
[BlackTeam "Clichy-Echecs-92"]
[WhiteFideId "627232"]
[BlackFideId "632023"]
[EventDate "2011.05.26"]

1. e4 e5 2. Nf3 Nc6 3. Bc4 g6 4. O-O Bg7 5. c3 d6 6. h3 Nf6 7. d3 O-O 8. a4 h6
9. a5 a6 10. Re1 b5 11. axb6 cxb6 12. d4 exd4 13. cxd4 d5 14. exd5 Nb4 15. Qb3
Nbxd5 16. Nc3 Bb7 17. Ne5 Qd6 18. Bd2 Rfe8 19. Nd3 Rxe1+ 20. Rxe1 b5 21. Nc5
bxc4 22. Qxb7 Rb8 23. Qxa6 Qxa6 24. Nxa6 Rxb2 25. Bc1 Rb6 26. Nxd5 Nxd5 27. Nc5
Bxd4 28. Ne4 Kh7 29. Rd1 Nc3 30. Nxc3 Bxc3 31. Kf1 Be5 32. Ke2 g5 33. Rd5 f6 34.
h4 Rb1 35. Be3 Rb2+ 36. Ke1 Rb1+ 37. Ke2 Rb2+ 38. Ke1 Kg6 39. hxg5 hxg5 40. g4
c3 41. Kd1 Kf7 42. f3 c2+ 43. Kc1 Rb3 44. Bd2 Rxf3 45. Rc5 Bf4 46. Rxc2 Rf1+ 47.
Kb2 Bxd2 48. Rxd2 Rf4 49. Rg2 Rc4 50. Kb3 Rc1 51. Re2 Rc6 52. Re1 Kg6 53. Kb2
Rc4 54. Rg1 f5 55. gxf5+ Kxf5 56. Kb3 Rc8 57. Rf1+ Ke4 58. Rg1 Kf4 59. Rf1+ Ke5 0-1

[Event "TCh-FRA Top 12 2011"]
[Site "Mulhouse FRA"]
[Date "2011.06.04"]
[Round "10"]
[White "Meier, Georg"]
[Black "Sanikidze, Tornike"]
[Result "1-0"]
[WhiteTitle "GM"]
[BlackTitle "GM"]
[WhiteElo "2650"]
[BlackElo "2524"]
[WhiteTeam "Vandoeuvre-Echecs"]
[BlackTeam "C.E. Strasbourg"]
[WhiteFideId "4675789"]
[BlackFideId "13602608"]
[EventDate "2011.05.26"]

1. Nf3 Nf6 2. c4 g6 3. Nc3 d5 4. cxd5 Nxd5 5. g3 Bg7 6. Bg2 O-O 7. O-O c6 8. d4
Be6 9. Bd2 Na6 10. Re1 Qd7 11. Qc1 Rac8 12. Bh6 Rfd8 13. Bxg7 Kxg7 14. Ng5 Nxc3
15. bxc3 Bc4 16. Bh3 e6 17. Nf3 Qe7 18. Ne5 b5 19. Bg2 Nb8 20. Nxc4 bxc4 21. Rb1
c5 22. Qa3 Rc7 23. e3 cxd4 24. Qxe7 Rxe7 25. exd4 Rc7 26. Re5 Nd7 27. Ra5 Nb6
28. Rbb5 Rdd7 29. Kf1 h5 30. Ke2 Kf6 31. Kd2 Ke7 32. Be4 Nc8 33. Bf3 Nd6 34. Rc5
Rxc5 35. Rxc5 Kd8 36. Kc2 Rc7 37. Ra5 Nc8 38. Kb2 Kd7 39. Ka3 Kd6 40. Kb4 Nb6
41. Rc5 Re7 42. a4 e5 43. dxe5+ Rxe5 44. Rxe5 Kxe5 45. a5 Nd7 46. Be2 Kd6 47.
Bxc4 f6 48. h4 Nc5 49. f3 g5 50. Kb5 a6+ 51. Kb6 gxh4 52. gxh4 Na4+ 53. Kxa6
Nxc3 54. Kb7 Na4 55. Bb5 1-0

[Event "TCh-FRA Top 12 2011"]
[Site "Mulhouse FRA"]
[Date "2011.06.04"]
[Round "10"]
[White "Vaisser, Anatoly"]
[Black "Bauer, Christian"]
[Result "1/2-1/2"]
[WhiteTitle "GM"]
[BlackTitle "GM"]
[WhiteElo "2533"]
[BlackElo "2638"]
[WhiteTeam "C.E. Strasbourg"]
[BlackTeam "Vandoeuvre-Echecs"]
[WhiteFideId "603252"]
[BlackFideId "603767"]
[EventDate "2011.05.26"]

1. d4 e6 2. c4 Bb4+ 3. Bd2 Qe7 4. g3 Nc6 5. e3 Nf6 6. Bg2 e5 7. d5 Nb8 8. Ne2
Bxd2+ 9. Nxd2 d6 10. Nc3 O-O 11. O-O a5 12. a3 Bf5 13. e4 Bg4 14. f3 Bd7 15. b4
Na6 16. Qb3 Rfb8 17. Ra2 Qd8 18. Rfa1 c6 19. Bf1 g6 20. c5 dxc5 21. b5 Nc7 22.
a4 cxd5 23. exd5 Qf8 24. Nde4 Nce8 25. Rd2 Nxe4 26. Nxe4 Bf5 27. d6 Bxe4 28.
fxe4 Nxd6 29. Qd5 Rd8 30. Rad1 Qe8 31. b6 c4 32. Bxc4 Qxa4 33. Ba2 Rd7 34. Qxe5
Re8 35. Qd4 Rxe4 36. Qxa4 Rxa4 37. Rxd6 Rxd6 38. Rxd6 Rxa2 39. Rd7 Rb2 40. Rxb7
a4 41. h4 Kg7 42. Ra7 Rxb6 43. Rxa4 Rb2 44. Ra5 Kh6 45. Ra7 Kg7 46. Ra5 Kf6 47.
Rc5 h6 48. Ra5 Rd2 49. Rb5 Ke6 50. Ra5 f6 51. Rb5 g5 52. hxg5 hxg5 53. Ra5 Rd5
54. Ra2 Rd4 55. Kg2 f5 56. Rb2 Rd3 57. Re2+ Kf6 58. Ra2 Rd5 59. Ra6+ Ke5 60. Ra2
Ke4 61. Kf2 Rc5 62. Re2+ Kd3 63. Re3+ Kd4 64. Re2 Rc3 65. Rd2+ 1/2-1/2

[Event "TCh-FRA Top 12 2011"]
[Site "Mulhouse FRA"]
[Date "2011.06.04"]
[Round "10"]
[White "Landa, Konstantin"]
[Black "Rozentalis, Eduardas"]
[Result "1/2-1/2"]
[WhiteTitle "GM"]
[BlackTitle "GM"]
[WhiteElo "2613"]
[BlackElo "2573"]
[WhiteTeam "Vandoeuvre-Echecs"]
[BlackTeam "C.E. Strasbourg"]
[WhiteFideId "4101685"]
[BlackFideId "12800023"]
[EventDate "2011.05.26"]

1. d4 Nf6 2. c4 e6 3. Nc3 Bb4 4. g3 O-O 5. Bg2 Bxc3+ 6. bxc3 d6 7. Ba3 Nbd7 8.
c5 Qe7 9. cxd6 cxd6 10. Nf3 Nb6 11. Nd2 e5 12. O-O e4 13. e3 Re8 14. c4 Bg4 15.
Qb3 Qd7 16. Bxd6 Be2 17. Rfc1 Qxd6 18. c5 Qe6 19. cxb6 axb6 20. Qxe6 Rxe6 21.
Rc7 Bd3 22. Rxb7 Rc6 23. f3 Rc2 24. Nf1 h6 25. a4 Nd5 26. fxe4 Bxf1 27. Bxf1
Nxe3 28. Bh3 g5 29. Rxb6 g4 30. Bf1 Nxf1 31. Rxf1 Rxa4 32. Rxh6 Rxd4 33. e5 Re4
34. Rhf6 Rxe5 35. Rxf7 Ree2 36. R7f2 Rc1 1/2-1/2

[Event "TCh-FRA Top 12 2011"]
[Site "Mulhouse FRA"]
[Date "2011.06.04"]
[Round "10"]
[White "Roos, Daniel"]
[Black "Paci, Cedric"]
[Result "1-0"]
[WhiteTitle "IM"]
[BlackTitle "FM"]
[WhiteElo "2389"]
[BlackElo "2389"]
[WhiteTeam "C.E. Strasbourg"]
[BlackTeam "Vandoeuvre-Echecs"]
[WhiteFideId "600253"]
[BlackFideId "614203"]
[EventDate "2011.05.26"]

1. g3 d5 2. Bg2 Nc6 3. d3 e5 4. c3 Nf6 5. Nf3 a5 6. Qc2 Be7 7. O-O O-O 8. Nbd2
b6 9. b3 Bb7 10. Bb2 Re8 11. Rfe1 Qd7 12. e4 dxe4 13. dxe4 Bc5 14. h3 Ba6 15.
Nc4 Bxc4 16. bxc4 a4 17. Rad1 Qe6 18. Bf1 a3 19. Bc1 Na5 20. Qe2 Red8 21. Rxd8+
Rxd8 22. Nd2 Ra8 23. Kg2 Ne8 24. Qd3 Nd6 25. Qd5 Re8 26. Qxe6 Rxe6 27. Bd3 Re8
28. Kf1 Ra8 29. Ke2 Kf8 30. Rf1 Ke7 31. f4 f6 32. h4 h6 33. h5 c6 34. Rh1 Re8
35. fxe5 fxe5 36. Rh2 Rf8 37. Rg2 Ke6 38. g4 Rf6 39. g5 hxg5 40. Nf3 Naxc4 41.
Bxg5 Rf7 42. Bh4 Kd7 43. Rg6 Be3 44. Rxd6+ 1-0

[Event "TCh-FRA Top 12 2011"]
[Site "Mulhouse FRA"]
[Date "2011.06.04"]
[Round "10"]
[White "Philippe, Christophe"]
[Black "Roos, Jean-Luc"]
[Result "1-0"]
[WhiteTitle "IM"]
[BlackTitle "IM"]
[WhiteElo "2422"]
[BlackElo "2235"]
[WhiteTeam "Vandoeuvre-Echecs"]
[BlackTeam "C.E. Strasbourg"]
[WhiteFideId "610038"]
[BlackFideId "600601"]
[EventDate "2011.05.26"]

1. e4 e6 2. d4 d5 3. Nd2 c5 4. exd5 Qxd5 5. Ngf3 cxd4 6. Bc4 Qd6 7. O-O Nf6 8.
Nb3 Nc6 9. Nbxd4 Nxd4 10. Nxd4 a6 11. c3 Qc7 12. Qe2 Be7 13. Bg5 e5 14. Nf3 e4
15. Bxf6 exf3 16. Qxe7+ Qxe7 17. Bxe7 Kxe7 18. Rfe1+ Be6 19. Re3 Rhd8 20. Bxe6
fxe6 21. Rae1 Rd6 22. Rxf3 Rad8 23. Rfe3 Rf8 24. f3 Rf5 25. Kf2 Ra5 26. a3 Kf6
27. Re4 Rad5 28. R1e2 Rd1 29. Rf4+ Ke7 30. Rb4 b6 31. Rc4 R1d3 32. a4 a5 33. h4
h5 34. Rce4 Rd1 35. Re5 g6 36. Kg3 Kf6 37. Rb5 R1d5 38. Rxd5 Rxd5 39. b4 e5 40.
Re4 Rd2 41. Rc4 axb4 42. Rxb4 Rd6 43. Kf2 Rc6 44. c4 Ke6 45. Ke3 Rd6 46. g4 hxg4
47. fxg4 Kf6 48. Rb1 Ke7 49. Rb5 Kf6 50. Rd5 Rc6 51. Kd3 Ke6 52. Rd8 Ke7 53. Rb8
Rd6+ 54. Ke4 Rd4+ 55. Kxe5 Rxg4 56. Kd5 Rxh4 57. Rxb6 Kd7 58. Rb7+ Kc8 59. Rg7
Rf4 60. Rxg6 Kb7 61. Kc5 Rf5+ 62. Kb4 Rf1 1-0

[Event "TCh-FRA Top 12 2011"]
[Site "Mulhouse FRA"]
[Date "2011.06.04"]
[Round "10"]
[White "Nicoara, Malina"]
[Black "Congiu, Mathilde"]
[Result "1-0"]
[WhiteTitle "WIM"]
[BlackTitle "WIM"]
[WhiteElo "2104"]
[BlackElo "2237"]
[WhiteTeam "C.E. Strasbourg"]
[BlackTeam "Vandoeuvre-Echecs"]
[WhiteFideId "604631"]
[BlackFideId "634581"]
[EventDate "2011.05.26"]

1. d4 d5 2. Nf3 Nf6 3. c4 c6 4. e3 g6 5. Nc3 Bg7 6. Bd3 O-O 7. O-O Bg4 8. h3
Bxf3 9. Qxf3 e6 10. Rd1 Nbd7 11. b3 Re8 12. Bf1 e5 13. cxd5 e4 14. Qe2 Nxd5 15.
Nxd5 cxd5 16. Qb5 Nb6 17. a4 a6 18. Qa5 Bf8 19. Bb2 Bd6 20. Rdc1 Bc7 21. Ba3 Re6
22. Qd2 f5 23. Rc2 Rc8 24. Rac1 Bd6 25. Bb4 Rxc2 26. Rxc2 Bxb4 27. Qxb4 Qd7 28.
a5 Nc8 29. Rc5 Ne7 30. Qc3 Rc6 31. b4 Rxc5 32. Qxc5 Kf7 33. b5 axb5 34. Bxb5 Qd8
35. Ba4 Ke6 36. g3 Qd6 37. Qb5 Qc7 38. a6 bxa6 39. Qxa6+ Qd6 40. Qa8 Qb4 41. Qe8
Qc4 42. Bd7+ Kd6 43. Bb5 Qc8 44. Qf7 h5 45. Qf6+ Qe6 46. Qf8 Qg8 47. Qf6+ Qe6
48. Qh8 Ng8 49. Qg7 Ne7 50. Be8 f4 51. gxf4 Qf5 52. Kh2 Ke6 53. Qe5+ Qxe5 54.
fxe5 Kf5 55. Bd7+ Kg5 56. Be6 Kh4 57. Kg2 Kg5 58. Kg3 h4+ 59. Kg2 Kh6 60. f3 Kg7
61. fxe4 dxe4 62. d5 g5 63. d6 Nc6 64. Bf5 Nxe5 65. d7 Nf7 66. Bxe4 Kf6 67. Bd5
Nd8 68. Bc4 Ke7 69. Bb5 Nf7 70. Kf3 Nh6 71. e4 Kd8 72. e5 Ke7 73. e6 Kd8 74. Bd3
Ke7 75. Bg6 Kd8 76. Ke4 1-0

[Event "TCh-FRA Top 12 2011"]
[Site "Mulhouse FRA"]
[Date "2011.06.04"]
[Round "10"]
[White "Bratanov, Zsivko"]
[Black "Terrieux, Kevin"]
[Result "1/2-1/2"]
[WhiteTitle "IM"]
[BlackTitle "IM"]
[WhiteElo "2465"]
[BlackElo "2434"]
[WhiteTeam "C.E. de Rueil Malmaison"]
[BlackTeam "Echiquier Guingampais"]
[WhiteFideId "2904268"]
[BlackFideId "622591"]
[EventDate "2011.05.26"]

1. d4 Nf6 2. Nf3 e6 3. Bg5 h6 4. Bh4 b6 5. Nbd2 Bb7 6. e3 c5 7. c3 Be7 8. Bxf6
Bxf6 9. Bd3 Nc6 10. Qe2 O-O 11. Ne4 d5 12. Ng3 e5 13. dxe5 Nxe5 14. Nxe5 Bxe5
15. O-O Qh4 16. f4 Bc7 17. Ba6 Bc6 18. Bb5 Bb7 19. Ba6 1/2-1/2

[Event "TCh-FRA Top 12 2011"]
[Site "Mulhouse FRA"]
[Date "2011.06.04"]
[Round "10"]
[White "Song, Julien"]
[Black "Le Roux, Jean-Pierre"]
[Result "0-1"]
[WhiteTitle "FM"]
[BlackTitle "GM"]
[WhiteElo "2325"]
[BlackElo "2523"]
[WhiteTeam "C.E. de Rueil Malmaison"]
[BlackTeam "Echiquier Guingampais"]
[WhiteFideId "659487"]
[BlackFideId "609404"]
[EventDate "2011.05.26"]

1. d4 Nf6 2. c4 g6 3. Nc3 d5 4. Bg5 Ne4 5. Bh4 Nxc3 6. bxc3 dxc4 7. e3 Be6 8.
Be2 Nd7 9. Nf3 c6 10. O-O Bh6 11. Qb1 Qa5 12. e4 Nb6 13. a4 f6 14. Qb2 Bf4 15.
Rfb1 O-O 16. Bg3 Bd6 17. Bxd6 exd6 18. Qb4 Qxb4 19. Rxb4 d5 20. e5 Bg4 21. a5
Nd7 22. Rxb7 fxe5 23. h3 Bxf3 24. Bxf3 Rf7 25. Rab1 exd4 26. cxd4 Nf8 27. Rb8
Rxb8 28. Rxb8 Kg7 29. Bg4 h5 30. Bc8 c5 31. dxc5 c3 0-1

[Event "TCh-FRA Top 12 2011"]
[Site "Mulhouse FRA"]
[Date "2011.06.04"]
[Round "10"]
[White "Manoeuvre, Antoine"]
[Black "Dumitrache, Dragos-Nicolae"]
[Result "0-1"]
[BlackTitle "IM"]
[WhiteElo "2215"]
[BlackElo "2445"]
[WhiteTeam "C.E. de Rueil Malmaison"]
[BlackTeam "Echiquier Guingampais"]
[WhiteFideId "655422"]
[BlackFideId "1200437"]
[EventDate "2011.05.26"]

1. d4 d5 2. c4 e6 3. Nc3 Nf6 4. Bg5 Be7 5. Nf3 h6 6. Bh4 O-O 7. e3 b6 8. cxd5
exd5 9. Be2 Bb7 10. O-O Nbd7 11. Qa4 a6 12. b4 c6 13. Qb3 Re8 14. Rac1 b5 15.
Ne1 Nb6 16. Nd3 Nc4 17. Rfd1 a5 18. a4 axb4 19. Nxb4 Qa5 20. Nd3 b4 21. Na2 Qxa4
22. Qxa4 Rxa4 23. Naxb4 g5 24. Bg3 Ne4 25. Nc2 Nc3 26. Re1 Nd2 27. Na1 Ra3 28.
Ne5 Nxe2+ 29. Rxe2 Ra2 30. Ree1 Rea8 31. Red1 f6 32. Nf3 Nxf3+ 33. gxf3 Ba6 34.
Rc2 Be2 35. Rxa2 Rxa2 36. Rb1 Bxf3 37. Nb3 Be4 38. Ra1 Rb2 39. Nc5 Bf3 40. Nd3
Rd2 41. Nc5 Rc2 42. Nb3 h5 43. Rc1 Rc4 44. Ra1 Bb4 45. Bc7 Kf7 46. Ba5 Bxa5 47.
Nxa5 Rc3 48. Nb7 Ke6 49. Nc5+ Kf5 50. Rb1 Kg4 51. Nd7 Kf5 52. Nc5 h4 53. Ra1 Rc2
54. Nd3 Rd2 55. Nb4 g4 56. Nxc6 g3 57. hxg3 hxg3 58. fxg3 Kg4 59. Ne7 Be4 60.
Ra6 f5 61. Rf6 Re2 62. Nc6 Kxg3 63. Kf1 Kf3 64. Rh6 Rf2+ 65. Ke1 Kxe3 66. Rh3+
Rf3 67. Rh6 Rg3 0-1

[Event "TCh-FRA Top 12 2011"]
[Site "Mulhouse FRA"]
[Date "2011.06.04"]
[Round "10"]
[White "Pira, Davoud"]
[Black "Clery, Nicolas"]
[Result "1/2-1/2"]
[WhiteTitle "IM"]
[BlackTitle "IM"]
[WhiteElo "2403"]
[BlackElo "2396"]
[WhiteTeam "Lutece Echecs"]
[BlackTeam "A.J.E. Noyon"]
[WhiteFideId "600407"]
[BlackFideId "614904"]
[EventDate "2011.05.26"]

1. d4 d5 2. Nf3 Nf6 3. c4 e6 4. Nc3 Be7 5. Bg5 h6 6. Bh4 O-O 7. e3 Ne4 8. Bxe7
Qxe7 9. Rc1 c6 10. Bd3 Nxc3 11. Rxc3 dxc4 12. Bxc4 Nd7 13. O-O b6 14. Qc2 Bb7
15. Be2 Rfc8 16. Rc1 c5 17. Qa4 Rc7 18. b4 Rac8 19. h3 Bc6 20. Bb5 Bxf3 21. gxf3
Nf6 22. bxc5 bxc5 23. Qa3 Rb8 24. Bf1 cxd4 25. Qxe7 Rxe7 26. Rc8+ Rxc8 27. Rxc8+
Kh7 28. exd4 g6 29. a4 Kg7 30. a5 Nd5 31. a6 Rc7 32. Ra8 Kf6 33. Kg2 Kg5 34. Kg3
Kf6 35. Bd3 g5 36. Be4 Nf4 37. h4 Ne2+ 38. Kg4 Nxd4 39. hxg5+ hxg5 40. Rb8 Nc6
41. Rh8 1/2-1/2

[Event "TCh-FRA Top 12 2011"]
[Site "Mulhouse FRA"]
[Date "2011.06.04"]
[Round "10"]
[White "Assad, Karine"]
[Black "Babault, Patrice"]
[Result "0-1"]
[WhiteTitle "WFM"]
[BlackTitle "FM"]
[WhiteElo "2022"]
[BlackElo "2400"]
[WhiteTeam "A.J.E. Noyon"]
[BlackTeam "Lutece Echecs"]
[WhiteFideId "623067"]
[BlackFideId "623822"]
[EventDate "2011.05.26"]

1. d4 d5 2. c4 c6 3. Nf3 Nf6 4. e3 e6 5. b3 Nbd7 6. Bb2 Bb4+ 7. Nbd2 Ne4 8. a3
Bd6 9. Bd3 f5 10. Qe2 Qf6 11. O-O O-O 12. Ne1 Qh6 13. f4 Ndf6 14. Ndf3 Ng4 15.
g3 Bd7 16. Ne5 Nxe5 17. dxe5 Be7 18. b4 Be8 19. Nf3 Bh5 20. Qc2 Bg4 21. c5 Qg6
22. Bxe4 fxe4 23. Nd4 Bh3 24. Rfe1 h5 25. Kh1 Rac8 26. Qa4 a6 27. Rac1 Kf7 28.
Qc2 Rh8 29. Rg1 Rh7 30. a4 Qg4 31. Qf2 h4 32. f5 exf5 33. e6+ Kg8 34. gxh4 Qxh4
35. Qd2 Bf6 36. Rcf1 Bxf1 37. Nxf5 Qh3 38. Bxf6 Qf3+ 0-1

[Event "TCh-FRA Top 12 2011"]
[Site "Mulhouse FRA"]
[Date "2011.06.05"]
[Round "11"]
[White "Dourerassou, Jonathan"]
[Black "Dorfman, Iossif"]
[Result "1/2-1/2"]
[WhiteTitle "IM"]
[BlackTitle "GM"]
[WhiteElo "2397"]
[BlackElo "2585"]
[WhiteTeam "L'Echiquier Chalonnais"]
[BlackTeam "Evry Grand Roque"]
[WhiteFideId "628050"]
[BlackFideId "604011"]
[EventDate "2011.05.26"]

1. e4 e5 2. Nf3 Nc6 3. Bb5 Nf6 4. O-O Nxe4 5. d4 Nd6 6. dxe5 Nxb5 7. a4 Nbd4 8.
Nxd4 d5 9. Nxc6 bxc6 10. Qd3 Qd7 11. b3 a5 12. Rd1 Qg4 13. f3 Qg6 14. Ba3 Qxd3
15. Rxd3 Bb4 16. Bxb4 axb4 17. Rd4 Rb8 18. Nd2 Be6 19. f4 c5 20. Rd3 Ke7 21. Nf1
c4 22. Rf3 d4 23. f5 Bd5 24. Rg3 g6 25. Rd1 c5 26. Ne3 dxe3 27. Rxd5 Rhd8 28.
bxc4 Rxd5 29. cxd5 gxf5 30. Rxe3 Ra8 31. e6 fxe6 32. Rxe6+ Kd7 33. Rc6 Rxa4 34.
Rxc5 Kd6 35. Rb5 Ra1+ 36. Kf2 Ra2 37. Rxb4 Rxc2+ 38. Kg3 Kxd5 39. Rb7 Ke5 40.
Rxh7 Kf6 41. h4 Rc3+ 42. Kh2 Kg6 43. Rh8 Kg7 44. Ra8 Kg6 45. Rf8 Ra3 46. g3 Ra2+
47. Kh3 Ra3 48. Kh2 1/2-1/2

[Event "TCh-FRA Top 12 2011"]
[Site "Mulhouse FRA"]
[Date "2011.06.05"]
[Round "11"]
[White "Nataf, Igor-Alexandre"]
[Black "Vernay, Clovis"]
[Result "1-0"]
[WhiteTitle "GM"]
[BlackTitle "IM"]
[WhiteElo "2541"]
[BlackElo "2462"]
[WhiteTeam "Evry Grand Roque"]
[BlackTeam "L'Echiquier Chalonnais"]
[WhiteFideId "605492"]
[BlackFideId "633046"]
[EventDate "2011.05.26"]

1. e4 e6 2. d4 d5 3. Nc3 Bb4 4. Ne2 dxe4 5. a3 Ba5 6. b4 Bb6 7. Nxe4 e5 8. dxe5
Qxd1+ 9. Kxd1 Nc6 10. Bb2 Bf5 11. N2g3 O-O-O+ 12. Bd3 Bg6 13. f4 Nge7 14. Kd2 h5
15. h4 a5 16. Rhf1 Bd4 17. Bxd4 Nxd4 18. Rad1 axb4 19. axb4 f6 20. Ra1 b6 21.
Ra3 Nec6 22. c3 Ne6 23. Ke3 f5 24. Ng5 Nxg5 25. hxg5 Nxe5 26. Ba6+ Kb8 27. fxe5
Rhe8 28. Kf4 h4 29. Bb5 1-0

[Event "TCh-FRA Top 12 2011"]
[Site "Mulhouse FRA"]
[Date "2011.06.05"]
[Round "11"]
[White "Migot, Tangi"]
[Black "Relange, Eloi"]
[Result "0-1"]
[BlackTitle "GM"]
[WhiteElo "2272"]
[BlackElo "2466"]
[WhiteTeam "L'Echiquier Chalonnais"]
[BlackTeam "Evry Grand Roque"]
[WhiteFideId "662445"]
[BlackFideId "600822"]
[EventDate "2011.05.26"]

1. e4 c5 2. Nf3 e6 3. d4 cxd4 4. Nxd4 a6 5. c4 Nf6 6. Nc3 Qc7 7. a3 b6 8. Be2
Bb7 9. f3 d6 10. Be3 Nbd7 11. O-O Be7 12. Qd2 O-O 13. Rac1 Rfc8 14. Rfd1 Qd8 15.
Qe1 Rab8 16. Qf2 Kh8 17. Rc2 Ba8 18. Nb3 Qe8 19. Bf4 Ne5 20. Qd4 Nfd7 21. Bg3 h5
22. f4 Ng4 23. Bxg4 hxg4 24. e5 Nc5 25. Nxc5 dxe5 26. Qxe5 Bxc5+ 27. Kh1 f6 28.
Qe2 Qh5 29. Ne4 Bf8 30. Rcd2 b5 31. cxb5 Qxb5 32. Qxb5 axb5 33. Nd6 Rc5 34. f5
e5 35. Bf2 Rc6 36. Nxb5 Rxb5 37. Rd8 Rxb2 38. Rxf8+ Kh7 39. Kg1 Rcc2 40. Rxa8
Rxf2 41. Rdd8 Rxg2+ 42. Kh1 Rxh2+ 43. Kg1 Rhg2+ 44. Kh1 Kh6 45. Ra7 Rgc2 46. Rd1
Ra2 47. a4 g6 48. fxg6 Kxg6 49. a5 Rc5 50. Rg1 f5 0-1

[Event "TCh-FRA Top 12 2011"]
[Site "Mulhouse FRA"]
[Date "2011.06.05"]
[Round "11"]
[White "Sokolov, Andrei1"]
[Black "Svetushkin, Dmitry"]
[Result "1/2-1/2"]
[WhiteTitle "GM"]
[BlackTitle "GM"]
[WhiteElo "2573"]
[BlackElo "2561"]
[WhiteTeam "Mulhouse Philidor"]
[BlackTeam "Club d'Echecs Metz Fischer"]
[WhiteFideId "627089"]
[BlackFideId "13900463"]
[EventDate "2011.05.26"]

1. e4 c6 2. d4 d5 3. Nc3 dxe4 4. Nxe4 Bf5 5. Ng3 Bg6 6. h4 h6 7. Nf3 Nd7 8. h5
Bh7 9. Bd3 Bxd3 10. Qxd3 e6 11. Bd2 Ngf6 12. O-O-O Be7 13. Ne4 Nxe4 14. Qxe4 Nf6
15. Qe2 Qd5 16. c4 Qe4 17. Qxe4 Nxe4 18. Be3 O-O 19. Ne5 1/2-1/2

[Event "TCh-FRA Top 12 2011"]
[Site "Mulhouse FRA"]
[Date "2011.06.05"]
[Round "11"]
[White "Koch, Jean-Rene"]
[Black "Goldsztejn, Gildas"]
[Result "1-0"]
[WhiteTitle "IM"]
[BlackTitle "IM"]
[WhiteElo "2476"]
[BlackElo "2422"]
[WhiteTeam "Club d'Echecs Metz Fischer"]
[BlackTeam "Mulhouse Philidor"]
[WhiteFideId "600148"]
[BlackFideId "612375"]
[EventDate "2011.05.26"]

1. c4 g6 2. g3 Bg7 3. Bg2 Nf6 4. Nc3 O-O 5. e4 d6 6. Nge2 e5 7. d3 Be6 8. h3 Qc8
9. Be3 c6 10. Rc1 Qd7 11. g4 Re8 12. O-O d5 13. exd5 cxd5 14. g5 d4 15. gxf6 Bf8
16. Nd5 dxe3 17. fxe3 Bxh3 18. Nec3 Na6 19. Bxh3 Qxh3 20. Qf3 Qxf3 21. Rxf3 Nc5
22. Nc7 Nxd3 23. Rb1 e4 24. Rh3 Ne5 25. b3 Ng4 26. N3d5 Rad8 27. Nxe8 Rxe8 28.
Rf1 Bd6 29. b4 h5 30. c5 Be5 31. Rd1 Bxf6 32. Nxf6+ Nxf6 33. Rh2 Re5 34. Rd8+
Kg7 35. Rb8 Re7 36. b5 Ng4 37. Re2 Rc7 38. b6 axb6 39. cxb6 Rd7 40. a4 h4 41.
Kg2 Rd3 42. Rxb7 Nxe3+ 43. Kg1 h3 44. Rc7 Ng4 45. Rc1 Rb3 46. a5 f5 47. Ra2 e3
48. a6 e2 49. Rxe2 Rxb6 50. Ra1 Rb8 51. a7 Ra8 52. Rb2 h2+ 53. Kh1 1-0

[Event "TCh-FRA Top 12 2011"]
[Site "Mulhouse FRA"]
[Date "2011.06.05"]
[Round "11"]
[White "Wirig, Anthony"]
[Black "Neiman, Emmanuel"]
[Result "1-0"]
[WhiteTitle "IM"]
[BlackTitle "FM"]
[WhiteElo "2514"]
[BlackElo "2345"]
[WhiteTeam "Mulhouse Philidor"]
[BlackTeam "Club d'Echecs Metz Fischer"]
[WhiteFideId "615013"]
[BlackFideId "601616"]
[EventDate "2011.05.26"]

1. d4 Nf6 2. Nf3 g6 3. g3 Bg7 4. Bg2 O-O 5. O-O d6 6. c4 Nc6 7. Nc3 a6 8. b3 Rb8
9. Bb2 b5 10. cxb5 axb5 11. Rc1 Bd7 12. Ne1 Na5 13. Nd3 Nc4 14. Ba1 Na3 15. Nb4
c5 16. dxc5 dxc5 17. Na6 Rc8 18. Nd5 Nxd5 19. Bxg7 Kxg7 20. Qxd5 Bc6 21. Qe5+ f6
22. Qe3 Bxg2 23. Kxg2 c4 24. Rfd1 Qe8 25. Nb4 Rc7 26. f3 Qc8 27. Nd5 Rb7 28. b4
c3 29. Qxc3 Qxc3 30. Rxc3 Nc4 31. Ne3 Ra8 32. a3 Kf7 33. Rd5 Ra6 34. Kf2 Ke6 1-0

[Event "TCh-FRA Top 12 2011"]
[Site "Mulhouse FRA"]
[Date "2011.06.05"]
[Round "11"]
[White "Pucher, Sebastien"]
[Black "Riff, Jean-Noel"]
[Result "0-1"]
[BlackTitle "IM"]
[WhiteElo "2227"]
[BlackElo "2502"]
[WhiteTeam "Club d'Echecs Metz Fischer"]
[BlackTeam "Mulhouse Philidor"]
[WhiteFideId "627232"]
[BlackFideId "611190"]
[EventDate "2011.05.26"]

1. e4 c5 2. Nf3 e6 3. Nc3 d6 4. d4 cxd4 5. Nxd4 Nc6 6. Be3 Nf6 7. Qd2 Be7 8. f3
O-O 9. O-O-O d5 10. Be2 a6 11. g4 Nxd4 12. Qxd4 dxe4 13. Qe5 Qe8 14. Bd4 Bd7 15.
Nxe4 Bb5 16. Bxb5 Qxb5 17. Nxf6+ gxf6 18. Qxb5 axb5 19. Kb1 Ra6 20. c3 Kg7 21.
f4 Rd8 22. f5 b4 23. Rhe1 e5 24. Bf2 bxc3 25. b3 Bb4 26. Rd5 c2+ 27. Kc1 Rxa2
28. Bc5 Ra5 0-1

[Event "TCh-FRA Top 12 2011"]
[Site "Mulhouse FRA"]
[Date "2011.06.05"]
[Round "11"]
[White "Bricard, Emmanuel"]
[Black "Taddei, Benoit"]
[Result "1-0"]
[WhiteTitle "GM"]
[BlackTitle "FM"]
[WhiteElo "2492"]
[BlackElo "2300"]
[WhiteTeam "Mulhouse Philidor"]
[BlackTeam "Club d'Echecs Metz Fischer"]
[WhiteFideId "600245"]
[BlackFideId "610151"]
[EventDate "2011.05.26"]

1. g3 f5 2. Bg2 Nf6 3. c4 g6 4. Nc3 Bg7 5. Nf3 O-O 6. O-O d6 7. d3 Nc6 8. Rb1
Nh5 9. e3 e5 10. Nd2 Ne7 11. b4 c6 12. b5 e4 13. bxc6 bxc6 14. Qc2 d5 15. Ba3
Rf7 16. cxd5 cxd5 17. Nb5 Ba6 18. dxe4 dxe4 19. Rfd1 Nd5 20. Nd6 Qa5 21. Qc6 Rd8
22. Nxf7 Kxf7 23. Nc4 Bxc4 24. Qxc4 Nf6 25. Rb7+ Kg8 26. Be7 1-0